| 000 | 00659nam a22002172 4500 | ||
|---|---|---|---|
| 001 | 0000023741 | ||
| 005 | 20151217152248.0 | ||
| 008 | 130320s xx 000 0 eng d | ||
| 020 | _a1591280538 : | ||
| 040 |
_aKABU _cKABU |
||
| 100 | 1 |
_aHitchens, Christopher. _@0000145460 |
|
| 245 | 1 | 0 |
_aIs christianity good for the world? / _cChristopher Hitchens, Douglas Wilson. |
| 250 | _a1st ed. | ||
| 260 |
_aMoscow : _bCanopress, _c2008. |
||
| 300 | _a67 p. | ||
| 650 | 0 |
_aChristianity and atheism. _@0000183432 |
|
| 700 | 1 |
_aWilson, Douglas. _@0000183433 |
|
| 852 | 1 | _9p300 KES | |
| 908 | _a130320 | ||
| 950 | _@1 | ||
| 999 |
_c9955 _d9955 |
||